00936nam a22002537a 450000500170000001000110001702000230002803500110005103700160006204000120007808200170009010000260010724501290013326000440026227000460030630000320035250000220038465000280040665000270043470000290046194200260049099900190051695201470053520170124110204.0 a999501 c150.00a8120315553 a999501 bCen Lib/Ret aDPLbEN a005.369bULR aUlrich, Laurie936760 aThe complete idiot's guide to running your small office with microsoft office /cby Laurie Ann Ulrich [and] John San Filippo aNew DelhibPrintice-Hall of Indiac1999 aM-97, Cannaught CircusbNew Delhie110001 axi,290p. :c24cm (Hb)b1ll. aIncludes index  aMicrosoft Office936761 aWord processing991012 aFilippo, John San991013 2ddccENh005.369mULR c133085d133085 04104070aLbLd2015-07-24eCen Lib/Retg150.00l0o005.369 ULRp999501r2015-07-24 00:00:00t1v150.00w2015-07-24yENzW/d list no. 6806/4